000 00310nam a22001337a 4500
008 171102b xxu||||| |||| 00| 0 eng d
020 _a9780471743217
041 _aeng
080 _210
_a339.138
100 _a60
101 _aMAR
245 _aMARKETINGS MISTAKES & SUCCESSES
_cHARTLEY,R.H
942 _2udc
_cBK
999 _c37418
_d37418